| 000 | 00549 a2200157 4500 | ||
|---|---|---|---|
| 020 | _a81-8220-158-6 | ||
| 082 | _a530.09223 | ||
| 090 |
_c1485 _d1485 |
||
| 100 | _aBasu, S. K. | ||
| 245 |
_aEncyclopaedic Biography of The World Great Physicists (Volume 3) _cS. K. Basu |
||
| 250 | _a2006. | ||
| 260 |
_aNew Delhi _bGlobal Vision Publishing House _c2006 |
||
| 300 | _axx, 733-1100 | ||
| 942 |
_aSNS _cBK _k530.09223 BAS |
||
| 999 |
_c30096 _d30096 |
||